| 000 | 00756nam a22001817a 4500 | ||
|---|---|---|---|
| 999 |
_c64003 _d64003 |
||
| 005 | 20260306152214.0 | ||
| 008 | 260306s1999 enk||||| |||| 00| 0 eng d | ||
| 020 | _a9780876092491x | ||
| 041 | _aeng | ||
| 080 | _a355.40 The-44 | ||
| 245 |
_aThe U.S.-Japan Alliance: _bPast, Present, and Future / _cEditors Michael J. Green, Patrick M. Cronin. |
||
| 264 |
_aNew York : _bCouncil on Foreign Relations, _c1999. |
||
| 300 |
_a405 p.; _b23 cm. |
||
| 653 | _aაშშ-იაპონიის ალიანსი: წარსული, აწმყო და მომავალი | ||
| 700 |
_aGreen, Michael J. _eრედაქტორი _927074 |
||
| 700 |
_aCronin, Patrick M. _eრედაქტორი _927075 |
||
| 942 |
_2udc _cᲬᲘᲒᲜᲘ |
||